Statistics for College teams by logo #5

Click here to take the quiz!

General Stats

  • This quiz has been taken 244 times
  • The average score is 10 of 15

Answer Stats

HintAnswer% Correct
Image result for college logoskentucky
96%
Image result for college logosmichigan
96%
Image result for college logostexas tech
96%
Image result for college logosmiami
95%
Image result for cincinnati university logocincinnati
84%
Image result for college logosoklahoma
84%
Image result for ncaa teams logosnorth carolina
83%
Image result for loyola chicago logoLoyola chicago
65%
Image result for buffalo universitybuffalo
61%
Image result for fresno stfresno st
51%
Image result for ncaa teams without name on logopurdue
49%
Image result for seton hallseton hall
46%
Image result for billikensst louis
26%
Image result for lipscomb universitylipscomb
20%
Image result for ncaa teams logosarizona
19%

Score Distribution

Percentile by Number Answered

Percent of People with Each Score

Your Score History

You have not taken this quiz